Полный послужной список генерал-адъютанта Михаила Тариэловича Лорис-Меликова

Доступно только в Электронных читальных залах Найти на картеНа карте
RUSMARC
00004088nmc2a22002773x 450
001135c6e0e-6556-4b64-9d46-d39505204dad
00520240109094557.0
100##$a20231107l1888 k y0rusy50 ca
1010#$arus
102##$aRU
105##$aa z |||||
1220#$ad18881231
2001#$aПолный послужной список генерал-адъютанта Михаила Тариэловича Лорис-Меликова
$j[19--]
215##$a22 листа
$cтабл.
$d36 х 24,5
251##$cДело
300##$aНа папке дела: б/д
300##$aЛист: 22об - черная сургучная печать с оттиском герба
300##$aЛисты в деле повреждены по сгибу (снизу)
300##$aРукописный и типографский текст
325##$aЗамикрофильмировано
461#0$1001cda3d175-ae4a-411a-8dea-9cc20fb178f6
$12001
$aЛорис-Меликов Михаил Тариелович, граф, министр внутренних дел, главный начальник "верховной распорядительной комиссии по охранению государственного порядка и общественного спокойствия", генерал от кавалерии
$1251
$cФонд
$1852
$j569
462#0$1001163e060a-d7cc-404d-90ee-e28c9801971b
$12001
$aОпись дел фонда М. Т. Лорис-Меликова за 1858-1915 гг.
$vД. 1
$1251
$cОпись
$1852
$j1
600#1$aЛорис-Меликов
$bМ. Т.
$cграф
$gМихаил Тариэлович
801#0$aRU
$bGA_RF
801#1$aRU
$bГлавНИВЦ
$c20231107
$2rusmarc
801#2$aRU
$bПБ им. Б.Н. Ельцина
$c20240109
$gRCR
$2rusmarc
852##$aГА РФ
$j1
937##$d190287577
$hГАРФ
035##$aRuPRLIB51074470
856##$uhttp://readingroom.main.prlib.ru/item.aspx?id_node=n190287577&mode=full
Формат отображения